All Tomorrow’s Cultures : Anthropological Enengagements with the Future /

Guardado en:
Detalles Bibliográficos
Autor principal: Collins, Samuel Gerald (autor)
Otros autores: Chad, Oliver (autor) (autor)
Formato: Libro
Idioma:Inglés
Publicado: Nueva York, EUA : Berghahn Books, 2007, c2007
Temas:
Etiquetas: Agrega una etiqueta
Sin etiquetas, Sé el primero en etiquetar este registro!

MARC

LEADER 00000nam^a2200000^a^4500
001 000274462
005 20250521000000.0
009 20260310111202.982
020 |a 978-1-84545-408-1 
037 |a Acervo ITESO - Biblioteca 
041 |a ING 
082 |a 306. 4  |b COL 
100 |a Collins, Samuel Gerald  |e (autor) 
245 1 0 |a All Tomorrow’s Cultures :  |b Anthropological Enengagements with the Future /  |c S.G. Collins. 
264 4 |a Nueva York, EUA :  |b Berghahn Books,  |c 2007, c2007 
336 |a texto  |b txt  |2 rdacontenido 
337 |a sin mediación  |b n  |2 rdamedio 
338 |a volumen  |b nc  |2 rdasoporte 
649 |a XX 
650 |a Antropólogos Norteamericanos 
650 |a Cultura Popular 
650 |a Cultura -  |x Tema Principal 
650 |a Predicción Social 
650 |a Antropología Cultural 
650 |a Antropología -  |x Metodología 
650 |a Sociología de la Cultura 
650 |a Mead, Margaret 
700 |a Chad, Oliver  |e (autor) 
910 |a Fondo General 
920 |a Impresos - Libros 
930 |a Colección General 
905 |a 101 
901 |a 0500159972  |b IT1  |c ACC  |u 20250521 
902 |a https://opac.biblio.iteso.mx/vufind/Record/000274462